[Event "Muensterland Verbandsliga 1920"]
[Site "Germany"]
[Date "2019.11.30"]
[Round "4.2"]
[White "Da Costa Campos, Andre"]
[Black "Hanewinkel, Winfried"]
[Result "0-1"]
[WhiteElo "1895"]
[BlackElo "1914"]
[PlyCount "42"]
[EventDate "2019.09.07"]
[EventType "team-tourn"]
[EventRounds "7"]
[EventCountry "GER"]
[SourceTitle "EXT 2023"]
[Source "ChessBase"]
[SourceDate "2022.10.05"]
[SourceVersion "1"]
[SourceVersionDate "2022.10.05"]
[SourceQuality "1"]
[WhiteTeam "Nienberge II"]
[BlackTeam "Beelen"]
[WhiteTeamCountry "GER"]
[BlackTeamCountry "GER"]

1. e4 d6 2. d4 Nf6 3. Nc3 g6 4. Be3 Bg7 5. f3 Na6 6. Qd2 c6 7. Bh6 Bxh6 8. Qxh6 Qb6 9. 0-0-0 Be6 10. e5 dxe5 11. dxe5 Nd7 12. f4 0-0-0 13. Bxa6 Qxa6 14. Kb1 Nb6 15. Nf3 Qc4 16. Ng5 Qxf4 17. Rdf1 Qc4 18. Nxe6 Qxe6 19. Qg7 Rhf8 20. Qxh7 Nc4 21. Qh4 Nd2+ 0-1